La religión de la razón desde las fuentes del judaísmo /

Uloženo v:
Podrobná bibliografie
Hlavní autor: Cohen, Hermann (autor)
Další autoři: Mate, Reyes (presentación) (presentación)
Médium: Kniha
Jazyk:španělština
Vydáno: Barcelona, España : Antropos, 2004, c2004
Tagy: Přidat tag
Žádné tagy, Buďte první, kdo vytvoří štítek k tomuto záznamu!

MARC

LEADER 00000nam^a2200000^a^4500
001 000446487
005 20250521000000.0
009 20260310123608.869
020 |a 84-7658-694-9 
037 |a Acervo Xavier Clavigero 
041 |a ESP 
091 |a FCA. 01476 
100 |a Cohen, Hermann  |e (autor) 
245 1 3 |a La religión de la razón desde las fuentes del judaísmo / 
264 4 |a Barcelona, España :  |b Antropos,  |c 2004, c2004 
300 |a XXVI, 389 p. 
336 |a texto  |b txt  |2 rdacontenido 
337 |a sin mediación  |b n  |2 rdamedio 
338 |a volumen  |b nc  |2 rdasoporte 
649 |a XX 
700 |a Mate, Reyes  |e (presentación) 
910 |a Fondo Xavier Cacho Vázquez S.J. 
920 |a Impresos - Libros 
930 |a Fondos Especiales 
905 |a 131 
901 |a 0500376754  |b IT2  |c ESP  |i D  |u 20250521 
902 |a https://opac.biblio.iteso.mx/vufind/Record/000446487